| 000 | 01127cad a22002175a 4500 | ||
|---|---|---|---|
| 001 | L150941 | ||
| 008 | 100916s2010 xxk f 000 0 eng d | ||
| 035 | _a(Sirsi) u150941 | ||
| 041 | 0 | _aeng | |
| 050 | 0 | 4 | _a692.5 18 $2 18 |
| 110 | 2 |
_aGrant Thornton _93043 |
|
| 240 | _aGrant Thornton International Business Report (IBR) | ||
| 245 | 0 | 0 |
_aFocus on _bconstruction and real estate _h[electronic resource] |
| 260 |
_a[S.I.] _bGrant Thornton _c2010 |
||
| 520 | _aGlobal overview of the state of the sector and the outlook for construction, real estate and residential housing; optimism, pessimism, employment, revenue expectations, mergers and acquisitions; percentage of and reasons for projects posponed; global outlook for the sector; case studies from Ireland and India; the sector's perspective and the view from Grant Thornton. | ||
| 590 | _aKA NTK | ||
| 651 | 4 | _aInternational | |
| 690 | _aBUILT ENVIRONMENT-CONSTRUCTION MARKET | ||
| 856 | 4 | 8 |
_uhttps://www.grantthorntonibos.com/files/gti_ibr_construction_and_real_estate_focus_10_final.pdf _zView the website free of charge at www.grantthorntonibos.com |
| 942 | _n0 | ||
| 999 |
_c111043 _d111043 |
||